Hiroshige: Meisho Edo Hyakkei. One hundred famous views of edo. Ota memorial museum of art Tokyo

Guardat en:
Dades bibliogràfiques
Autors principals: Trede, Melanie (Autor), Bichler, Lorenz (Autor)
Format: Llibre
Idioma:espanyol
anglès
italià
Publicat: Colonia Taschen 2015
Edició:1a. ed
Col·lecció:Bibliotheca Universalis
Matèries:
Etiquetes: Afegir etiqueta
Sense etiquetes, Sigues el primer a etiquetar aquest registre!

MARC

LEADER 00000cam a2200000 a 4500
001 UCC3578
003 CL-VaPUC
008 180527e20150000gw |||||||||||||||||spa|d
020 |a 9783836559201 
041 0 7 |a spa  |2 CL-VaPUC 
041 0 7 |a eng  |2 CL-VaPUC 
041 0 7 |a ita  |2 CL-VaPUC 
082 0 4 |a 750  |b TRE  |2 21 
100 0 |a Trede, Melanie  |e author  |9 597613 
700 0 |a Bichler, Lorenz  |e author  |9 597614 
245 1 0 |a Hiroshige: Meisho Edo Hyakkei. One hundred famous views of edo. Ota memorial museum of art Tokyo 
250 |a 1a. ed 
300 |a 581 p 
942 |c BK 
945 |d 20180527 18:33:00  |a arojas 
260 |a Colonia  |b Taschen  |c 2015 
650 0 |a Pintura japonesa  |9 367915 
650 7 |a PINTORES JAPONESES  |2 CL-VaPUC  |9 367916 
583 |a last modification  |c 20180527 18:33:00  |k Rodrigo Vera 
490 0 |a Bibliotheca Universalis 
999 |c 371272  |d 371270 
952 |0 0  |1 0  |3 erd  |4 0  |6 750_000000000000000_TRE_2015  |7 0  |8 R  |9 488220  |a BIBART  |b BIBART  |i 5471826  |l 3  |o 750 TRE 2015  |p 5471826  |r 2025-03-21  |s 2025-03-19  |w 2019-11-24  |y BK_R  |z Catalogado en:20180527  |k ART